LEADER 01126cam0-2200361---450- 001 990008335840403321 005 20141121133745.0 035 $a000833584 035 $aFED01000833584 035 $a(Aleph)000833584FED01 035 $a000833584 100 $a20060530d1963----km-y0itay50------ba 101 0 $aita 102 $aIT 105 $ay-------001yy 200 1 $a<>guerra nel pensiero cristiano dalle origini alle crociate$fAnna Morisi 210 $aFirenze$cSansoni$d1963 215 $a240 p.$d24 cm 225 1 $aPubblicazioni della Facoltà di lettere e filosofia dell'Università di Milano$v29. 610 0 $aGuerra$aConcezione cristiana$aSec. 1.-10. 676 $a261.6$v16$zita 676 $a261.7 700 1$aMorisi,$bAnna$0156016 801 0$aIT$bUNINA$gRICA$2UNIMARC 901 $aBK 912 $a990008335840403321 952 $aUniversità 400 (29)$b70163$fFGBC 952 $a261.7 MOR 1$bBibl. 36577$fFLFBC 952 $a261.7 MOR 1 BIS$b5882$fFLFBC 959 $aFGBC 959 $aFLFBC 996 $aGuerra nel pensiero cristiano dalle origini alle crociate$9223749 997 $aUNINA LEADER 00913nam a2200241 a 4500 001 991000923059707536 008 101028s1996 us 001 0 eng 020 $a9780791428122 035 $ab13932743-39ule_inst 040 $aDip.to Studi Storici$bita 082 04$a364.15230922 100 1 $aMann, Coramae Richey$0473842 245 10$aWhen women kill / $cCoramae Richey Mann 260 $aAlbany :$bState University of New York,$c1996 300 $axiii, 215 p. ;$c22 cm. 650 $aOmicidi$zStati Uniti d'America$y1979-1983 650 $aDonne delinquenti$zStati Uniti d'America$y1979-1983 907 $a.b13932743$b02-11-10$c28-10-10 912 $a991000923059707536 945 $aLE023 364.152 MAN 1 1 $g1$i2023000120989$lle023$o-$pE24.60$q-$rl$s- $t0$u3$v0$w3$x0$y.i15191643$z29-10-10 996 $aWhen women kill$9250346 997 $aUNISALENTO 998 $ale023$b02-11-10$cm$da $e-$feng$gus $h0$i0